Dôležitosť využívania informačno–komunikačných technológií v samospráve

Základný obraz o využívaní IKT v oblasti pôsobenia samospráv vo vybranom regióne získaný na základe prieskumu.

Guardado en:
Detalles Bibliográficos
Autor principal: Horváthová, Miriam
Formato: Capítulo de libro
Lenguaje:eslovaco
Materias:
Etiquetas: Agregar Etiqueta
Sin Etiquetas, Sea el primero en etiquetar este registro!

MARC

LEADER 00000nla a2200000 4500
001 0151216
005 20221103131327.0
041 0 |a slo 
044 |a SK 
245 1 0 |a Dôležitosť využívania informačno–komunikačných technológií v samospráve  |c Miriam Horváthová 
520 |a Základný obraz o využívaní IKT v oblasti pôsobenia samospráv vo vybranom regióne získaný na základe prieskumu. 
610 2 0 |a samospráva 
610 2 0 |a technológie informačné 
610 2 0 |a technológie komunikačné 
610 2 0 |a Slovensko 
100 1 |a Horváthová, Miriam